LEADER 00903nam0-2200313 --450 001 9910166753303321 005 20170323111457.0 100 $a20170323d1955----kmuy0itay5050 ba 101 0 $aeng 102 $aUS 105 $a 001yy 200 1 $aChemical engineering cost estimation$fRobert S. Aries, Robert D. Newton 210 $aNew York$cMcGraw-Hill$d1955 215 $aXV, 263 p.$d23 cm 225 1 $aMcGraw-Hill chemical engineering series 610 0 $aIngegneria chimica 610 0 $aImpianti chimici 676 $a660.28 700 1$aAries,$bRobert Sancier$0120523 701 1$aNewton,$bRobert D.$081 801 0$aIT$bUNINA$gRICA$2UNIMARC 901 $aBK 912 $a9910166753303321 952 $a13 B 14 06$b24692$fFINBC 952 $a04 171-2$bCI$fDINCH 959 $aFINBC 959 $aDINCH 996 $aChemical engineering cost estimation$91470732 997 $aUNINA